LEADER 01393nam 2200373 450 001 000015585 005 20050718115600.0 010 $a3-540-05749-8 100 $a20030730d1972----km-y0itay0103----ba 101 0 $aeng 102 $aDE 200 1 $aDiscrete subgroups of Lie groups$fM. S. Raghunathan 210 $aBerlin [etc.]$cSpringer$d1972 215 $aVIII, 226 p.$d24 cm. 225 2 $aErgebnisse der Mathematik und ihrer Grenzgebiete$v68 410 0$12001$aErgebnisse der Mathematik und ihrer Grenzgebiete 606 $aGruppi di Lie 676 $a512.55$v(21. ed.)$9Algebre topologiche e algebre connesse, gruppi topologici e gruppi connessi 691 $a22E40$9Topological groups, Lie groups. Discrete subgroups of Lie groups 700 1$aRaghunathan,$bM. S.$0441825 801 0$aIT$bUniversità della Basilicata - B.I.A.$gRICA$2unimarc 912 $a000015585 996 $aDiscrete subgroups of Lie groups$982684 997 $aUNIBAS BAS $aMONSCI BAS $aSCIENZE CAT $aEXT003$b01$c20030730$lBAS01$h1441 CAT $c20050601$lBAS01$h1755 CAT $abatch$b01$c20050718$lBAS01$h1052 CAT $c20050718$lBAS01$h1111 CAT $c20050718$lBAS01$h1141 CAT $c20050718$lBAS01$h1156 FMT Z30 -1$lBAS01$LBAS01$mBOOK$1BASA2$APolo Tecnico-Scientifico$2GEN$BCollezione generale$3MAT$662716$5S62716$820030730$f51$FRiservati